[Event "Merida World Heritage op 1st"]
[Site "Merida"]
[Date "2021.08.06"]
[Round "5"]
[White "Ferrete Rueda, Juan Carlos"]
[Black "Palomo Monserrat, Lorenzo"]
[Result "0-1"]
[WhiteElo "1763"]
[BlackElo "1451"]
[PlyCount "100"]
[EventDate "2021.08.04"]
[EventType "swiss"]
[EventRounds "9"]
[EventCountry "ESP"]
[SourceTitle "EXT 2023"]
[Source "ChessBase"]
[SourceDate "2022.10.05"]
[SourceVersion "1"]
[SourceVersionDate "2022.10.05"]
[SourceQuality "1"]

1. e4 c5 2. Nf3 Nc6 3. d4 cxd4 4. Nxd4 e5 5. Nb5 d6 6. N1c3 a6 7. Na3 Be7 8. Nd5 Nf6 9. Nxf6+ Bxf6 10. c4 0-0 11. Nc2 Be6 12. Be2 Bg5 13. 0-0 Bxc1 14. Rxc1 Qd7 15. Qd2 Rfd8 16. Rfd1 Rac8 17. a3 f5 18. Bd3 f4 19. Be2 b6 20. b4 a5 21. Rb1 g5 22. Qc3 g4 23. Rd2 h5 24. Rbd1 Qe7 25. c5 Qf8 26. Rxd6 Rxd6 27. Rxd6 Qxd6 28. cxd6 Nd4 29. Qxc8+ Bxc8 30. Nxd4 exd4 31. Bb5 axb4 32. axb4 d3 33. Kf1 f3 34. g3 d2 35. Ba4 Bd7 36. Bb3+ Kf8 37. h3 Ke8 38. hxg4 hxg4 39. e5 Bb5+ 40. Kg1 Be2 41. Bc2 d1Q+ 42. Bxd1 Bxd1 43. Kf1 Kd7 44. Ke1 Ba4 45. Kd2 Ke6 46. Kc3 Kxe5 47. Kc4 Kxd6 48. b5 Bxb5+ 49. Kxb5 Kd5 50. Kxb6 Ke4 0-1

[Event "Collado Villalba 64 op 7th"]
[Site "Collado Villalba"]
[Date "2019.08.03"]
[Round "7"]
[White "Nadal Fajardo, Ricard"]
[Black "Ferrete Rueda, Juan Carlos"]
[Result "1-0"]
[WhiteElo "2201"]
[BlackElo "1779"]
[PlyCount "47"]
[EventDate "2019.07.29"]
[EventType "swiss"]
[EventRounds "9"]
[EventCountry "ESP"]
[SourceTitle "CBM 195 Extra"]
[Source "ChessBase"]
[SourceDate "2020.05.31"]
[SourceVersion "1"]
[SourceVersionDate "2020.05.31"]
[SourceQuality "1"]

1. Nf3 Nf6 2. b3 c5 3. e3 Nc6 4. Bb2 d5 5. d4 e6 6. Nbd2 cxd4 7. exd4 Bd6 8. a3 0-0 9. Bd3 Ne7 10. Ne5 Bd7 11. 0-0 Ng6 12. f4 Bc6 13. Qf3 Rc8 14. Rae1 Qb6 15. Qe2 Rfe8 16. g3 a5 17. h4 Ne4 18. Nxe4 dxe4 19. Bxe4 Nxe5 20. fxe5 Bxe5 21. Bxh7+ Kxh7 22. Qh5+ Kg8 23. Qxf7+ Kh8 24. Rxe5 1-0

[Event "Andalucia-chB"]
[Site "Algeciras"]
[Date "2018.05.19"]
[Round "3"]
[White "Ferrete Rueda, Juan Carlos"]
[Black "Cabillas Martinez, Juan Luis"]
[Result "0-1"]
[WhiteElo "1772"]
[BlackElo "1625"]
[PlyCount "64"]
[EventDate "2018.05.18"]
[EventType "swiss"]
[EventRounds "6"]
[EventCountry "ESP"]
[SourceTitle "EXT 2020"]
[Source "ChessBase"]
[SourceDate "2019.10.17"]
[SourceVersion "1"]
[SourceVersionDate "2019.10.17"]
[SourceQuality "1"]

1. e4 c6 2. Nf3 d5 3. Nc3 Bg4 4. Be2 e6 5. 0-0 dxe4 6. Nxe4 Nd7 7. d4 Ngf6 8. Ng3 Bd6 9. Be3 Qc7 10. Nd2 Bxe2 11. Qxe2 0-0 12. Nc4 Be7 13. f3 Rac8 14. Ne4 c5 15. dxc5 Nxe4 16. fxe4 Bxc5 17. Kh1 Bxe3 18. Nxe3 Qe5 19. Nc4 Qb5 20. b3 Nb6 21. Qf2 Nxc4 22. bxc4 Qxc4 23. Qf4 h6 24. h4 Qc7 25. Qf3 Qe5 26. Rac1 Rc3 27. Qf2 Qxe4 28. Rfe1 Qg4 29. Rcd1 Rc4 30. g3 Rfc8 31. Rd2 Rc3 32. Rf1 Qh3+ 0-1

[Event "Andalucia-chB"]
[Site "Algeciras"]
[Date "2018.05.18"]
[Round "1"]
[White "Ferrete Rueda, Juan Carlos"]
[Black "Villanueva Marquez, Santiago"]
[Result "1-0"]
[WhiteElo "1772"]
[BlackElo "1518"]
[PlyCount "49"]
[EventDate "2018.05.18"]
[EventType "swiss"]
[EventRounds "6"]
[EventCountry "ESP"]
[SourceTitle "EXT 2020"]
[Source "ChessBase"]
[SourceDate "2019.10.17"]
[SourceVersion "1"]
[SourceVersionDate "2019.10.17"]
[SourceQuality "1"]

1. Nf3 d5 2. d4 Nf6 3. c4 e6 4. Bg5 Be7 5. Nc3 c6 6. e3 0-0 7. cxd5 cxd5 8. Bd3 Nbd7 9. 0-0 h6 10. Bh4 a6 11. Rc1 Re8 12. Re1 b5 13. Bb1 Bb7 14. Bg3 Nb6 15. Nxb5 axb5 16. Bc7 Qc8 17. Bxb6 Qd7 18. Rc7 Qd6 19. Rxb7 Qc6 20. Rxe7 Rxe7 21. Bc5 Ree8 22. Ne5 Qc7 23. f3 Rec8 24. Qd3 Qb8 25. Nd7 1-0

[Event "Andalucia-chB"]
[Site "Roquetas de Mar"]
[Date "2017.05.19"]
[Round "1"]
[White "Rodriguez Vilchez, Antonio"]
[Black "Ferrete Rueda, Juan Carlos"]
[Result "0-1"]
[WhiteElo "1434"]
[BlackElo "1669"]
[PlyCount "60"]
[EventDate "2017.05.19"]
[EventType "swiss"]
[EventRounds "6"]
[EventCountry "ESP"]
[SourceTitle "EXT 2020"]
[Source "ChessBase"]
[SourceDate "2019.10.17"]
[SourceVersion "1"]
[SourceVersionDate "2019.10.17"]
[SourceQuality "1"]

1. d4 e6 2. c4 f5 3. Nc3 Nf6 4. Nf3 d5 5. c5 c6 6. Bf4 Be7 7. e3 Nbd7 8. b4 0-0 9. Qa4 Ne4 10. Nxe4 fxe4 11. Ne5 Nxe5 12. Bxe5 Bf6 13. Bd6 Re8 14. b5 Bd7 15. bxc6 Bxc6 16. Bb5 Bxb5 17. Qxb5 b6 18. Ke2 e5 19. Bxe5 Bxe5 20. dxe5 bxc5 21. Qxc5 Rc8 22. Qd4 Rc2+ 23. Kf1 Qd7 24. a4 Rec8 25. Qd1 Qc6 26. g3 Rf8 27. f4 exf3 28. e6 Qc4+ 29. Kg1 f2+ 30. Kg2 f1Q# 0-1